000 02008nam0a2200409 4500
001 RU\NLR\bibl\551307
005 20250609160613.0
010 _a5-7749-0143-2
_93000
021 _aRU
_b2004-45947
_92278
035 _a(NLR Aleph) 000543485
090 _a1427651
_c1427651
100 _a20040910d2004 |||y0rusy50 ca
101 0 _arus
_aeng
102 _aRU
105 _aa |||||||||
200 1 _aВнешнеэкономическая деятельность
_eУчеб. пособие для прогр. подгот. управлен. персонала
_fО.И. Дегтярева, Т.Н. Полянова, С.В. Саркисов
205 _a[4-е изд., испр. и доп.]
210 _aМ.
_cДело
_cАкад. нар. хоз-ва при Правительстве Рос. Федерации
_d2004
215 _a422 с.
_cил.
_d24
225 1 _aБиблиотека современного менеджера
225 1 _aSelf-education
300 _aЧасть текста на англ. яз.
320 _aБиблиогр. в конце частей
606 0 _aВнешнеэкономическая деятельность
_jРуководства, пособия и т.п.
_yРоссийская Федерация
_92078558
_3RU\NLR\auth\661254420
606 0 _aВнешнеэкономическая деятельность
_jУчебные издания
_yРоссийская Федерация
_92078558
_3RU\NLR\auth\661254420
686 1 _aУ9(2)8(2Р)я7
686 1 _aУ43(0)8я7
700 1 _4070
_7ca
_8rus
_aДегтярева
_bО. И.
_gОльга Ильинична
_9166061
_3RU\NLR\AUTH\770166108
701 1 _aПолянова
_bТ. Н.
_gТатьяна Николаевна
_4070
701 1 _aСаркисов
_bС. В.
_gСергей Васильевич
_4070
801 0 _aRU
_bNLR
_c20040910
_gPSBO
801 1 _aRU
_bNLR
_c20040910
830 _aАвт. по кн.
942 _cBOOK
980 _aNB